[Event "Africa zt 4.2 op"]
[Site "Lagos"]
[Date "2025.04.07"]
[Round "8"]
[White "Lapite, Oluwadurotimi Opeol"]
[Black "Ferdinand, Tersee Nyuima"]
[Result "1/2-1/2"]
[WhiteElo "2190"]
[BlackElo "2271"]
[PlyCount "181"]
[EventDate "2025.04.01"]
[EventType "swiss"]
[EventRounds "9"]
[EventCountry "NGR"]
[SourceTitle "CB15_2025"]
[SourceDate "2025.04.09"]
[SourceVersion "1"]
[SourceVersionDate "2025.04.09"]
[SourceQuality "1"]

1. Nf3 Nf6 2. c4 b6 3. Nc3 Bb7 4. g3 g6 5. Bg2 Bg7 6. 0-0 Ne4 7. Nxe4 Bxe4 8. d3 Bb7 9. d4 0-0 10. Bg5 d6 11. Qd2 Nd7 12. d5 c5 13. dxc6 Bxc6 14. Nd4 Bxg2 15. Kxg2 Rc8 16. Rac1 Nf6 17. Bxf6 Bxf6 18. e4 Qd7 19. b3 Qb7 20. Rfe1 a6 21. a4 Rc5 22. b4 Rc7 23. Nb3 Rfc8 24. Qd3 Qc6 25. b5 Qa8 26. Nd4 Bxd4 27. Qxd4 Rc5 28. Kg1 axb5 29. axb5 Qa4 30. e5 d5 31. e6 f6 32. Qd2 Rxc4 33. Rb1 R4c5 34. Red1 Qg4 35. Re1 Qf5 36. Qe3 Rd8 37. Rb4 Ra8 38. Rf4 Qc2 39. Rh4 Ra2 40. Rf1 Qd2 41. Qf3 Qe2 42. Qf4 Qxe6 43. Qb8+ Kg7 44. Rb4 Rac2 45. Rbb1 Qd6 46. Qxd6 exd6 47. Rfe1 Rc7 48. Re8 Rc1+ 49. Rxc1 Rxc1+ 50. Kg2 Rc5 51. Rd8 Rxb5 52. Rd7+ Kh6 53. h4 f5 54. f3 Rb2+ 55. Kf1 Rb3 56. Kf2 d4 57. Rxd6 Rb2+ 58. Kf1 f4 59. g4 Rh2 60. Rxd4 Rxh4 61. Rxf4 Rh2 62. Rb4 Kg5 63. Rxb6 Kf4 64. Rf6+ Kg3 65. Rf7 Rf2+ 66. Kg1 Ra2 67. Kf1 Rf2+ 68. Kg1 Rg2+ 69. Kf1 Rh2 70. g5 Rh5 71. Ke2 Rh2+ 72. Ke3 Rh1 73. Ke2 Rh3 74. Ke3 Rh4 75. Rg7 Rf4 76. Rxh7 Rxf3+ 77. Ke2 Rf2+ 78. Ke1 Rf5 79. Rg7 Rxg5 80. Kf1 Kh2 81. Rh7+ Kg3 82. Rg7 Kf3 83. Ra7 Rg3 84. Ra4 g5 85. Rb4 Rg4 86. Rb3+ Kf4 87. Rb4+ Kg3 88. Rxg4+ Kxg4 89. Kg2 Kh4 90. Kh2 Kg4 91. Kg2 1/2-1/2

[Event "Lagos City Asibor Memorial 2nd"]
[Site "Lagos City"]
[Date "2024.01.28"]
[Round "7"]
[White "Okemakinde, Toluwanimi"]
[Black "Ferdinand, Tersee Nyuima"]
[Result "0-1"]
[WhiteElo "2128"]
[BlackElo "2109"]
[PlyCount "118"]
[EventDate "2024.01.25"]
[EventType "swiss"]
[EventRounds "7"]
[EventCountry "NGR"]
[SourceTitle "CBM 218 Extra"]
[Source "ChessBase"]
[SourceDate "2024.03.31"]
[SourceVersion "1"]
[SourceVersionDate "2024.03.31"]
[SourceQuality "1"]

1. e4 c6 2. d4 d5 3. f3 e6 4. Nc3 Bb4 5. Qd3 Ne7 6. Nge2 dxe4 7. fxe4 c5 8. dxc5 Nd7 9. Be3 Qa5 10. 0-0-0 0-0 11. Qb5 Qxb5 12. Nxb5 Bxc5 13. Bxc5 Nxc5 14. Nec3 Nc6 15. a3 Ne5 16. Be2 Bd7 17. Nd4 Rfd8 18. Rd2 Kf8 19. Rhd1 Ke7 20. Nf3 Ng6 21. b4 Na6 22. Bb5 Bc6 23. Rxd8 Rxd8 24. Rxd8 Kxd8 25. Bxa6 bxa6 26. Kd2 f6 27. Ke3 Kc7 28. Ne2 e5 29. c4 a5 30. b5 Bb7 31. c5 a6 32. a4 Nf8 33. Ne1 Ne6 34. Nd3 axb5 35. axb5 Bc8 36. Kd2 Bd7 37. Nc3 Nd4 38. Nd5+ Kb8 39. b6 Bb5 40. Kc3 Ne6 41. c6 Bxc6 42. Kc4 Kb7 43. Nc5+ Nxc5 44. Kxc5 a4 45. Nc3 a3 46. g3 Bxe4 47. Kb4 Kxb6 48. Kxa3 Bd3 49. Kb4 Kc6 50. Nd1 Kd5 51. Kc3 Be2 52. Nf2 f5 53. Kd2 Bb5 54. Ke3 g5 55. Nh3 h6 56. Nf2 e4 57. Nh3 Ke5 58. Kf2 f4 59. Ng1 Kf5 0-1

[Event "Lagos South West op"]
[Site "Lagos"]
[Date "2023.07.14"]
[Round "5"]
[White "Ferdinand, Tersee Nyuima"]
[Black "Kigigha, Bomo Lovet"]
[Result "0-1"]
[WhiteElo "2111"]
[BlackElo "2238"]
[PlyCount "112"]
[EventDate "2023.07.12"]
[EventType "swiss"]
[EventRounds "9"]
[EventCountry "NGR"]
[SourceTitle "CBM 215 Extra"]
[Source "ChessBase"]
[SourceDate "2023.09.30"]
[SourceVersion "1"]
[SourceVersionDate "2023.09.30"]
[SourceQuality "1"]

1. e4 c5 2. Nf3 Nc6 3. d4 cxd4 4. Nxd4 Qb6 5. Nb3 Nf6 6. Nc3 e6 7. Be3 Qc7 8. a3 a6 9. f4 d6 10. Qf3 b5 11. Be2 Bb7 12. Qf2 b4 13. axb4 Nxb4 14. Bf3 Rc8 15. 0-0 Be7 16. Bb6 Qb8 17. Rfd1 0-0 18. Ba7 Qa8 19. Be3 Bxe4 20. Nxe4 Nxe4 21. Bxe4 Qxe4 22. Rd4 Qb7 23. c3 Nd5 24. Na5 Qb8 25. Rd2 Nxe3 26. Qxe3 Bd8 27. Kh1 Qb5 28. Qd3 d5 29. Qxb5 axb5 30. Nb3 Rc4 31. g3 b4 32. cxb4 Rxb4 33. Nc5 Bb6 34. Nd7 Rc8 35. Rc2 Rd8 36. Nxb6 Rxb6 37. Ra7 g6 38. Rcc7 Rf8 39. Rab7 Rxb7 40. Rxb7 Rc8 41. b4 Rc2 42. b5 h5 43. b6 Rb2 44. Kg1 Kg7 45. h3 h4 46. gxh4 Rb4 47. Kg2 Rxf4 48. Rd7 Rxh4 49. b7 Rb4 50. Kf3 Kf6 51. Ke3 e5 52. Kd3 Ke6 53. Rc7 d4 54. h4 f5 55. Rc6+ Kd5 56. Rxg6 Rb2 0-1

[Event "Lagos South West op"]
[Site "Lagos"]
[Date "2023.07.13"]
[Round "4"]
[White "Ferdinand, Tersee Nyuima"]
[Black "Eyenghe, Sunny"]
[Result "1-0"]
[WhiteElo "2111"]
[BlackElo "1966"]
[PlyCount "60"]
[EventDate "2023.07.12"]
[EventType "swiss"]
[EventRounds "9"]
[EventCountry "NGR"]
[SourceTitle "CBM 215 Extra"]
[Source "ChessBase"]
[SourceDate "2023.09.30"]
[SourceVersion "1"]
[SourceVersionDate "2023.09.30"]
[SourceQuality "1"]

1. e4 e5 2. Nf3 Nf6 3. Nxe5 d6 4. Nf3 Nxe4 5. d4 d5 6. Bd3 Nf6 7. 0-0 Be7 8. Bf4 0-0 9. h3 b6 10. Nbd2 c5 11. c3 Ba6 12. Qe2 Bxd3 13. Qxd3 Bd6 14. Bg5 Nbd7 15. Rfe1 Qc7 16. c4 dxc4 17. Nxc4 Bf4 18. Re7 Bxg5 19. Nxg5 Qf4 20. Nxh7 Rad8 21. Nxf8 Nxf8 22. Qe3 Qh4 23. Rxa7 Re8 24. Qb3 Re2 25. Rf1 Qxd4 26. Ne5 Ne6 27. Nxf7 Nd5 28. Qf3 Ndf4 29. Qg4 Re4 30. Qf5 Qf6 1-0